000 02157nam a2200313 i 4500
003 DO-SdBNP
005 20250508093854.0
007 ta
008 211129b2018 dr ||||| |||| 00| 0 spa d
020 _a9789945608236
040 _aDO-SdBNP
_bspa
_cBNPHU
_erda
082 4 _axxx
_bA347h
_222
100 1 _aAlcántara Almánzar, José
_d1946-
_eautor
_4aut.
_97018
245 1 0 _aHijos del silencio :
_bensayos /
_cJosé Alcántara Almánzar.
264 _aSan Juan, Puerto Rico :
_bEditorial Isla Negra Editores,
_c2018.
300 _a203 páginas
_c23 cm.
336 _atexto
_btxt
_2rdacontent
337 _asin mediación
_bn
_2rdamedia
338 _avolumen
_bnc
_2rdacarrier
490 1 _aVisiones y cegueras
500 _aIncluye datos biográficos del autor en la solapa de la cubierta.
500 _aIncluye índice onomástico.
500 _aIncluye referencias bibliográficas y notas al pie de las páginas
500 _aIncluye bibliografía al final de los capítulos
505 0 _aPrólogo
_tI. Maestro. Reencuentro con Héctor Incháustegui Cabral -- Héctor incháustegui Cabral: letras de una sola angustia -- Manuel Rueda otra vez -- Márcio Veloz Maggiolo --
_t II. Poliedros. Seis ensayos sobre narrativa dominicana contemporánea -- El universo sensorial de Floriano Martins -- Las ramas del viento -- Cornalina -- Mar de recuerdos -- Duarte, doscientos años después -- Evolución cultural dominicana -- La compleja existencia de la tecnología -- Lenguaje del mar -- Los ojos abiertos de Ginny Taulé -- Contribuciones de Federico García Godoy a la literatura dominicana -- Era lunes ayer -- Estudios literarios dominicanos -- La mirada imantada -- Ensayos al vapor -- Anacaona, la figura histórica y el mito -- Bruno Rosario Candelier, crítico literario -- Autobiografía en el agua -- República Dominicana, paisaje y cultura -- El drama de Juana la Loca -- La tormenta está fuera -- Con las voces del otro -- El universo de Nayla Chehade -- Tomás López Ramírez y su Paraje de tránsito --
_tIII. Evocaciones. Breves memorias.
590 _aInventariado, 2021 /LP
910 _aLopérez.
942 _2ddc
_cLBS1
999 _c51065
_d51065